Njan enna bhavam(ഞാൻ എന്ന ഭാവം) (Record no. 115344)

MARC details
000 -LEADER
fixed length control field 00475 a2200157 4500
005 - DATE AND TIME OF LATEST TRANSACTION
control field 20260417130313.0
008 - FIXED-LENGTH DATA ELEMENTS--GENERAL INFORMATION
fixed length control field 260317b |||||||| |||| 00| 0 eng d
020 ## - INTERNATIONAL STANDARD BOOK NUMBER
International Standard Book Number 9789354326547
080 ## - UNIVERSAL DECIMAL CLASSIFICATION NUMBER
Universal Decimal Classification number 89M-94
Item number RAJ/N
100 ## - MAIN ENTRY--PERSONAL NAME
Personal name Rajasekharan Nair, K
245 ## - TITLE STATEMENT
Title Njan enna bhavam(ഞാൻ എന്ന ഭാവം)
260 ## - PUBLICATION, DISTRIBUTION, ETC. (IMPRINT)
Name of publisher, distributor, etc D C books.
Place of publication, distribution, etc Kottayam.
Date of publication, distribution, etc 2025.
300 ## - PHYSICAL DESCRIPTION
Extent 564p.
653 ## - INDEX TERM--UNCONTROLLED
Uncontrolled term Memories-Dr.K. Rajasekharan Nair-Neurologist-Malayalam literature
942 ## - ADDED ENTRY ELEMENTS (KOHA)
item type Books
Holdings
Lost status Source of classification or shelving scheme Not for loan Home library Current library Shelving location Date acquired Cost, normal purchase price Total Checkouts Full call number Barcode Date last seen Cost, replacement price Price effective from Koha item type
  Universal Decimal Classification Not For Loan University Library University Library On Display 03/03/2026 433.36   89M-94 RAJ/N 00097426 03/03/2026 650.00 03/03/2026 Books
University Library, CUSAT